Spell the Marvel Character #274 - Statistics

General Stats
  • This quiz has been taken 10 times
  • The average score is 4 of 5
Answer Stats
Picture Answer % Correct
Ant-Man
100%
Rogue
90%
Warp
60%
Wave
60%
Patriot
50%
No matching quizzes found
Score Distribution
Percent of People with Each Score
Percentile by Number Answered
Your Score History
You have not taken this quiz